| 000 | 00358nam a2200145Ia 4500 | ||
|---|---|---|---|
| 008 | 230917s9999||||xx |||||||||||||| ||und|| | ||
| 040 |
_e140428 _aMAIN |
||
| 041 | _aEnglish | ||
| 082 | _a954.01 K128P | ||
| 100 | _aKamboj, Jiyalal | ||
| 245 | 0 | _aPrachin kamboj jan aur janpad | |
| 260 |
_aDelhi _bEastern Book Linkers |
||
| 300 | _a260p. p. | ||
| 942 | _cBK | ||
| 999 |
_c221623 _d221623 |
||